Drapeaux ethniques - Statistiques

Statistiques générales
  • Ce quiz a été pris 104 fois
  • Le résultat moyen est 3 sur 16
Statistiques - réponses
Par images Hint Réponse % Correct
Afrique du Nord Amazigh
99%
Europe de l'Est Rom
54%
Moyen-Orient Assyrien
28%
Océanie Maori
28%
Amérique du Sud Inca
26%
Amérique du Nord Inuit
23%
Afrique de l'Est Masaï
16%
Asie Centrale Ouïgour
16%
Proche-Orient Druze
14%
Amérique du Nord Sioux
13%
Amérique Centrale Maya
10%
Amérique du Nord Iroquois
9%
Proche & Moyen Orient Araméen
1%
Afrique de l'Est Tigréen
1%
Asie du Sud Est Juif bnei Menashe
0%
Asie du Sud Sindi
0%
Aucun quiz correspondant
Distribution des résultats
% des personnes avec chaque résultat
Percentile par nombre de réponses
Votre historique - résultats
Vous n’avez pas pris ce quiz